00802nam a2200181 a 4500003000200000005001700002008004100019050002900060100002900089245015800118260009200276300004800368504004100416650003000457650003700487650004600524650005000570020250415084053.0970101s19uu xx 00 eng d aPGS RA 569.3b.G643 2004 aGonzales, Ivana Talya C. aPerception of grade six students of Southville International School and Colleges on the effects of cellphones on their health /cIvana Talya C. Gonzales. aLas Piñas City, Philippines : bSouthville International School and Colleges,c2004. a17 pages :bcolored illustrations ;c28 cm. aIncludes bibliographical references. aCell phones and children. aChildrenvUse of mobile devices. aHealthvEffect of technology on children. aMobile communication systemsvHealth aspects.